|
|
|
|
| LEADER |
01738nam a2200493 4500 |
| 001 |
ocn918997670 |
| 003 |
OCoLC |
| 005 |
20170124071701.4 |
| 006 |
m o d |
| 007 |
cr |n||||||||| |
| 008 |
150820s2015 inua o 001 0 eng d |
| 040 |
|
|
|a YDXCP
|b eng
|e rda
|e pn
|c YDXCP
|d OCLCO
|d DG1
|d OCLCF
|d DEBBG
|d COO
|d CCO
|d GrThAP
|
| 020 |
|
|
|a 9781119209553
|q electronic bk.
|
| 020 |
|
|
|a 1119209552
|q electronic bk.
|
| 020 |
|
|
|z 9781119028727
|
| 020 |
|
|
|z 1119028728
|
| 029 |
1 |
|
|a CHVBK
|b 339961325
|
| 029 |
1 |
|
|a CHDSB
|b 006441202
|
| 029 |
1 |
|
|a GBVCP
|b 836426355
|
| 029 |
1 |
|
|a DEBBG
|b BV043397996
|
| 035 |
|
|
|a (OCoLC)918997670
|
| 050 |
|
4 |
|a QA76.73.J39
|
| 082 |
0 |
4 |
|a 005.2/762
|2 23
|
| 049 |
|
|
|a MAIN
|
| 100 |
1 |
|
|a Spencer, Lawrence D.,
|e author.
|
| 245 |
1 |
0 |
|a Reliable JavaScript /
|c Lawrence D. Spencer, Seth H. Richards.
|
| 264 |
|
1 |
|a Indianapolis, Indiana :
|b Wrox,
|c [2015]
|
| 300 |
|
|
|a 1 online resource.
|
| 336 |
|
|
|a text
|b txt
|2 rdacontent
|
| 337 |
|
|
|a computer
|b c
|2 rdamedia
|
| 338 |
|
|
|a online resource
|b cr
|2 rdacarrier
|
| 490 |
1 |
|
|a Wrox professional guides
|
| 500 |
|
|
|a Includes index.
|
| 588 |
0 |
|
|a Online resource; title from PDF title page (Wiley Online Library, viewed August 27, 2015).
|
| 650 |
|
0 |
|a JavaScript (Computer program language)
|
| 650 |
|
0 |
|a Computer programming.
|
| 650 |
|
7 |
|a Computer programming.
|2 fast
|0 (OCoLC)fst00872390
|
| 650 |
|
7 |
|a JavaScript (Computer program language)
|2 fast
|0 (OCoLC)fst00982071
|
| 655 |
|
4 |
|a Electronic books.
|
| 700 |
1 |
|
|a Richards, Seth H.,
|e author.
|
| 776 |
0 |
8 |
|c Original
|z 9781119028727
|z 1119028728
|w (OCoLC)915956606
|
| 830 |
|
0 |
|a Wrox professional guides.
|
| 856 |
4 |
0 |
|u https://doi.org/10.1002/9781119209553
|z Full Text via HEAL-Link
|
| 994 |
|
|
|a 92
|b DG1
|